| 000 | 00724nam a2200217 a 4500 | ||
|---|---|---|---|
| 001 | BRCA_1948 | ||
| 005 | 20190320203618.0 | ||
| 008 | 740416s1973 enka---##b---#000-0#eng-d | ||
| 020 | _a1855010992 | ||
| 040 |
_aDLC _cDLC _dDLC |
||
| 050 | 4 |
_aNK1125 _b.C65 1973 |
|
| 245 | 1 | 0 |
_aCollins Encyclopedia of Antiques _cwith introduction by Sir John Pope-Hennessy. |
| 260 |
_aLondon _bTiger Books International _c1973 |
||
| 300 |
_a400 p. _bil. (algunas a color), mapas _c28 cm. |
||
| 504 | _aBibliografía: p. [391]-398 | ||
| 650 | 1 | 4 |
_aObjetos de arte _vDiccionarios _xColeccionistas y colecciones _95984 |
| 700 | 1 |
_aPope-Hennessy, Sir John _95985 |
|
| 740 | 0 | _aCollins Encyclopedia of Antiques | |
| 902 | _aREF | ||
| 942 |
_2lcc _cB |
||
| 999 |
_c1718 _d1718 |
||